| 000 | 00574nam a22001937a 4500 | ||
|---|---|---|---|
| 005 | 20251108170953.0 | ||
| 008 | 250721s1985 xx 000 0 ara d | ||
| 082 | 1 | 4 | _aط/599.74/ذئب |
| 100 | 1 |
_aنابلسي، هاله _eTran. |
|
| 245 | 1 | 0 | _aالذئب / |
| 250 | _aط. 3 | ||
| 264 | 1 |
_aبيروت : _bدار المسيرة، _c1985. |
|
| 300 | _a22ص : مص | ||
| 490 | 0 | _aالمستكشف الصغير : عالم البراري | |
| 650 | 1 | 7 | _aالذئاب |
| 653 | _a(سنوات 9-6) أطفال مرحلة متوسطة | ||
| 942 |
_2ddc _cBK |
||
| 999 |
_c53320 _d53320 |
||